01283cpcaa22002897a 4500001001300000003000400013005001700017008004100034010001700075040002400092072001200116100004600128245005100174300001400225506002200239506005200261520030700313545005300620546003600673580005700709600005400766650004600820651004000866656004900906656002100955999001700976mm 80005646 DLC20260227111703.0800204|||||||||||| eng  amm 80005646  aDLCcDLCdDLCedacs 7aR2lcmd1 aZatkovich, Gregory Ignatius,d1886?-1967.00aGregory Ignatius Zatkovich papers,f1918-1919. a3fitems.0 aOpen to research. aRestrictions may apply to unprocessed material.8 aDeclaration of Common Aims of the Independent Mid-European Nations adopted on October 26th, 1918, Independence Hall, Philadelphia, Pa., signed by representatives of those countries including Zatkovich and T. G. Masaryk. Includes printed histories of Ruthenia, Czechoslovakia (Sub-Carpathian Ruthenia).0 aLawyer and governor of Ruthenia, Czechoslovakia. aCollection material in English. aForms part of: Miscellaneous Manuscripts collection.10aMasaryk, T. G.q(Tomáš Garrigue),d1850-1937. 0aWorld War, 1914-1918xDiplomatic history. 0aRuthenia (Czechoslovakia)xHistory. 7aGovernorszCzechoslovakiazRuthenia.2itoamc 7aLawyers.2itoamc c42791d42791